| 000 | 00329nam a22001097a 4500 | ||
|---|---|---|---|
| 050 |
_aQD 181 _b.N15 B72 |
||
| 100 | _aCopenhagen, P. Haase and Son, | ||
| 245 |
_aMetal ammine formation in aqueous solution, _b theory of the reversible step reactions |
||
| 260 |
_aCopenhagen _b Haase and Son, _c1941. |
||
| 300 | _a296p. | ||
| 942 | _cGEN | ||
| 999 |
_c2362 _d2362 |
||